000 01116nam a22003257a 4500
003 CHAP
005 20220329135321.0
008 971013s1941 r 00010 d
010 _a34318
011 _a35290
035 _a39406
040 _cCHAP
082 _a631.7
_bL4
100 0 0 _aLuquín, Carlos.
_969183
245 _aApuntes para la historia de los aprovechamientos hidráulicos en México
260 _aMéxico :
_bComisión Nacional de Irrigación,
_c1941
300 _a60 h.
500 _aPresentado como ponencia en: Congreso Mexicano de Ciencias Sociales. 1
590 _aBATCH-UPD
_b10
_c20130110
_lUCH01
_h2118
590 _aBATCH-UPD
_b10
_c20130410
_lUCH01
_h1428
590 _aBATCH-UPD
_b10
_c20130914
_lUCH01
_h1657
590 _aCONVERSION
_b10
_c20130109
_lUCH01
_h1319
650 1 4 _aIrrigación
_xHistoria
_xMéxico.
_960417
700 0 _aMaza, Francisco de la.
_973306
700 0 _aRojas Garcidueñas, José.
_999304
710 0 _aComisión Nacional de Irrigación. México.
_925793
901 _aBK
942 _cLIBRO
949 _a631.7 L4
_bBC
_cLIBRO
_d-89819
_eLIBRO
_h44271
_i39406
_mD
_si
999 _c34318
_d34318